Topological transformation groups /

Guardado en:
Autor Principal: Montgomery, Deane, 1909-
Otros Autores: Zippin, Leo.
Formato: Libro
Idioma:English
Publicado: New York : Interscience, 1955.
Series:Interscience tracts in pure and applied mathematics ; no. 1
Etiquetas: Agregar Etiqueta
Sin Etiquetas, Sea el primero en etiquetar este registro!
LEADER 00606nam a22001815a 4500
001 MAT.inmabb000504
008 031117s1955####nyu######b####000#0#eng#d
005 20110309184246.0
245 1 0 |a Topological transformation groups /  |c Deane Montgomery, Leo Zippin. 
260 |a New York :  |b Interscience,  |c 1955. 
300 |a xi, 282 p. ;  |c 24 cm. 
440 0 |a Interscience tracts in pure and applied mathematics ;  |v no. 1 
504 |a Bibliografía: p. 272-279. 
510 4 |a MR,  |c 17,383b 
100 1 |a Montgomery, Deane,  |d 1909- 
700 1 |a Zippin, Leo. 
084 |a 57Sxx  |2 msc2000 
859 |h 57  |i M787  |p A-280  |b BIB. MATEMATICA